SPSS Base 8.0 user's guide (Record no. 34936)

MARC details
000 -LEADER
fixed length control field 00443nam a2200169Ia 4500
020 ## - INTERNATIONAL STANDARD BOOK NUMBER
ISBN 013688590X
050 ## - CALL MARK
Classification number HA 32 .S7687/
245 #0 - TITLE STATEMENT
Title SPSS Base 8.0 user's guide
260 ## - PUBLICATION, DISTRIBUTION, ETC. (IMPRINT)
Place of publication Chicago
260 ## - PUBLICATION, DISTRIBUTION, ETC. (IMPRINT)
Name of publisher SPSS Inc.
260 ## - PUBLICATION, DISTRIBUTION, ETC. (IMPRINT)
Year of publication c1998
300 ## - PHYSICAL DESCRIPTION
Number of Pages 701 p
650 ## - SUBJECT ADDED ENTRY--TOPICAL TERM
Topical Term SPSS (Computer file) Social sciences_Statistical methods_Computer programs.
942 ## - ADDED ENTRY ELEMENTS (KOHA)
Koha item type Books
Holdings
Withdrawn status Lost status Source of classification or shelving scheme Damaged status Not for loan Permanent Location Current Location Date acquired Accession Number Price effective from Koha item type
    Library of Congress Classification     NILE UNIVERSITY OF NIGERIA - MAIN LIBRARY NILE UNIVERSITY OF NIGERIA - MAIN LIBRARY 04/23/2025 0006145 04/23/2025 Books